[Event "RSA-chT Regions"]
[Site "Boksburg"]
[Date "2020.01.09"]
[Round "2.3"]
[White "Tshetlo, Tshepo"]
[Black "Mabusela, Johannes Manyedi"]
[Result "0-1"]
[WhiteElo "1788"]
[BlackElo "2219"]
[PlyCount "60"]
[EventDate "2020.01.09"]
[EventType "team-swiss"]
[EventRounds "7"]
[EventCountry "RSA"]
[SourceTitle "CBM 194 Extra"]
[Source "ChessBase"]
[SourceDate "2020.03.31"]
[SourceVersion "1"]
[SourceVersionDate "2020.03.31"]
[SourceQuality "1"]
[WhiteTeam "Ekurhuleni Coaches"]
[BlackTeam "GTP Open"]
[WhiteTeamCountry "RSA"]
[BlackTeamCountry "RSA"]

1. e4 e6 2. Nc3 d5 3. Nf3 Nf6 4. e5 Nfd7 5. d4 c5 6. dxc5 Bxc5 7. Bd3 Nc6 8. 0-0 Ndxe5 9. Nxe5 Nxe5 10. Re1 Nxd3 11. Qxd3 0-0 12. Bf4 Bd7 13. Rad1 Bc6 14. Qg3 Qf6 15. Rd3 Rae8 16. Re5 Bd6 17. Ne4 dxe4 18. Rxd6 Rd8 19. Rxd8 Rxd8 20. h4 Qe7 21. Bh6 f6 22. Ra5 a6 23. Kh2 Kh8 24. Ra3 e5 25. Be3 Qe6 26. Bb6 Re8 27. Qe3 f5 28. Qg5 h6 29. Qh5 Rf8 30. Rg3 Be8 0-1

[Event "Johannesburg PSS Capablanca-C"]
[Site "Johannesburg"]
[Date "2017.04.29"]
[Round "6"]
[White "Masiya, Mfundo"]
[Black "Tshetlo, Tshepo"]
[Result "1/2-1/2"]
[WhiteElo "1462"]
[BlackElo "1772"]
[PlyCount "50"]
[EventDate "2017.04.26"]
[EventType "tourn"]
[EventRounds "9"]
[EventCountry "RSA"]
[SourceTitle "CBM 178 Extra"]
[Source "ChessBase"]
[SourceDate "2017.06.22"]
[SourceVersion "1"]
[SourceVersionDate "2017.06.22"]
[SourceQuality "1"]

1. e4 c5 2. Nf3 e6 3. d4 cxd4 4. Nxd4 a6 5. Be3 Qc7 6. Bd3 b5 7. a4 b4 8. 0-0 Bb7 9. Nd2 Nf6 10. f3 Nc6 11. N4b3 Ne5 12. Be2 d5 13. exd5 Nxd5 14. Bf2 Rc8 15. Rc1 Be7 16. Ne4 0-0 17. Nec5 Rfd8 18. Qe1 Bg5 19. Rd1 Ne3 20. Rxd8+ Rxd8 21. Qxb4 Nxf1 22. Kxf1 Ba8 23. Bg3 Be7 24. Nxa6 Qa7 25. Qc3 Ng6 1/2-1/2

[Event "Johannesburg PSS Capablanca-C"]
[Site "Johannesburg"]
[Date "2017.04.26"]
[Round "1"]
[White "Kabi, Thato"]
[Black "Tshetlo, Tshepo"]
[Result "1-0"]
[WhiteElo "1778"]
[BlackElo "1772"]
[PlyCount "63"]
[EventDate "2017.04.26"]
[EventType "tourn"]
[EventRounds "9"]
[EventCountry "RSA"]
[SourceTitle "CBM 178 Extra"]
[Source "ChessBase"]
[SourceDate "2017.06.22"]
[SourceVersion "1"]
[SourceVersionDate "2017.06.22"]
[SourceQuality "1"]

1. e4 c5 2. d4 cxd4 3. c3 dxc3 4. Nxc3 Nc6 5. Nf3 d6 6. Bc4 e6 7. 0-0 Nf6 8. Qe2 Be7 9. Rd1 Qa5 10. a3 0-0 11. Nb5 Rd8 12. b4 Nxb4 13. Bd2 d5 14. axb4 Qb6 15. exd5 Nxd5 16. Be3 Nxe3 17. Rxd8+ Qxd8 18. Qxe3 a6 19. Qb3 Bd7 20. Nbd4 b5 21. Be2 Bf6 22. Rd1 Qc7 23. Qa3 Qa7 24. Nb3 e5 25. Nc5 Bf5 26. Rd5 Qe7 27. Bxb5 Be6 28. Nxe6 Qxe6 29. Rd1 e4 30. Nd2 Qd6 31. Ba4 Rd8 32. Nf1 1-0

[Event "RSA-chT Regions"]
[Site "Cape Town"]
[Date "2016.01.10"]
[Round "6.3"]
[White "Wiid, Juane"]
[Black "Tshetlo, Tshepo"]
[Result "0-1"]
[WhiteElo "1258"]
[BlackElo "1714"]
[PlyCount "63"]
[EventDate "2016.01.08"]
[EventType "team-swiss"]
[EventRounds "7"]
[EventCountry "RSA"]
[SourceTitle "CBM 170 Extra"]
[Source "ChessBase"]
[SourceDate "2016.02.25"]
[SourceVersion "1"]
[SourceVersionDate "2016.02.25"]
[SourceQuality "1"]
[WhiteTeam "Johannesburg Metro III"]
[BlackTeam "Johannesburg Metro"]
[WhiteTeamCountry "RSA"]
[BlackTeamCountry "RSA"]

1. e4 c5 2. c3 g6 3. Bd3 Nc6 4. Bc2 d5 5. d4 cxd4 6. cxd4 Bg7 7. Be3 dxe4 8. Bxe4 Nxd4 9. Bxd4 Qxd4 10. Nc3 Qb4 11. Qa4+ Qxa4 12. Nxa4 Nf6 13. Bf3 0-0 14. Ne2 e5 15. g3 e4 16. Bg2 Bd7 17. Nc5 Bc6 18. 0-0 Rad8 19. Nc3 Rfe8 20. Rae1 b6 21. Na6 Rd2 22. Nb4 Bb7 23. Nb1 Rxb2 24. Nd3 Rxa2 25. Nb4 Rb2 26. Nd3 Rb3 27. Nf4 Ba6 28. Ne2 Rb2 29. Nbc3 Ng4 30. f3 Ne3 31. Rf2 Nc2 32. Rb1 0-1

[Event "Johannesburg Tsogo Sun op"]
[Site "Johannesburg"]
[Date "2015.07.16"]
[Round "2"]
[White "Tshetlo, Tshepo"]
[Black "Oberholzer, Francois"]
[Result "0-1"]
[WhiteElo "1817"]
[BlackElo "1930"]
[PlyCount "73"]
[EventDate "2015.07.15"]
[EventType "swiss"]
[EventRounds "9"]
[EventCountry "RSA"]
[SourceTitle "CBM 167 Extra"]
[Source "ChessBase"]
[SourceDate "2015.09.14"]
[SourceVersion "1"]
[SourceVersionDate "2015.09.14"]
[SourceQuality "1"]

1. e4 c5 2. Nf3 e6 3. d4 cxd4 4. Nxd4 a6 5. Be2 Qc7 6. 0-0 Nf6 7. Bd3 Nc6 8. Nb3 d5 9. exd5 Nxd5 10. Re1 Bd6 11. h3 Bd7 12. Be4 Nf6 13. Nc3 0-0 14. Bg5 Be5 15. Bxf6 Bxf6 16. Qh5 g6 17. Qf3 Bg7 18. Rad1 Rfd8 19. a3 Rac8 20. Qe3 Ne5 21. Bd3 Be8 22. Bf1 b5 23. Rxd8 Rxd8 24. Nc5 Qb6 25. b4 Nc6 26. N3e4 Nd4 27. Rd1 Nxc2 28. Rxd8 Qxd8 29. Qc1 Nd4 30. Nxa6 Bc6 31. Nac5 Qa8 32. Qg5 Bxe4 33. Nxe4 Qxe4 34. Bxb5 Qe1+ 35. Kh2 Qe5+ 36. Qxe5 Bxe5+ 37. Kg1 0-1